| 000 | 00527cam a2200217 4500 | ||
|---|---|---|---|
| 008 | 090401t1998 xxu||||| |||| 00| 0 eng d | ||
| 020 | _a1872328849 | ||
| 035 | _a(Sirsi) u86261 | ||
| 041 | _aeng | ||
| 050 | _a346.410432 | ||
| 100 | _aJessel, Christopher | ||
| 245 | 4 | _aThe law of the manor. | |
| 260 |
_aChichester _bBarry Rose Law Publishers Ltd. _c1998 |
||
| 300 | _axxxiii,501p. ; 24cm. | ||
| 350 | _a88 | ||
| 650 | _aLANDED ESTATES | ||
| 650 | _aMANORS | ||
| 690 | _aLAW | ||
| 942 | _n0 | ||
| 948 | _c18/05/1998 | ||
| 999 |
_c97126 _d97126 |
||